00889nam a22002177a 450000500170000001000330001702000260005003500130007603500170008903700130010603700260011908200100014510000280015524501020018324600540028526000880033927001660042730000720059370000030066570000030066820101206113148.0 aHIN-91416 B-442591-609 c100.00a9788128829987 aHN-63762 aB-442591-609 bDBAD/PUB bआर.बी.सी. a641.5 aखेर, शोभा aव्यंजनः कुछ नये, कुछ पुराने /cशोभा खेर aVayanjan_Kuchh naye, Kuchh puranebby Shobha Kher aनई दिल्लीbडायमंड पॉकेट बुक्सc2010 bनई दिल्लीaX-30, ओखला इंडस्ट्रियल एरिया, फेज-11e110020k011- 41611861l011- 41611866msales@dpb.in a150पृ.c22सेमी (अजिल्द)bसचित्र